000 00296nam a22001337a 4500
008 181023b xxu||||| |||| 00| 0 eng d
020 _a9780073000282
041 _aeng
080 _25 ed
_a159.9
100 _a49
101 _apsi
245 _aSocial Psychology
_cJames.A.W
942 _2udc
_cBK
999 _c50572
_d50572